| 000 | 00577nam a22001817a 4500 | ||
|---|---|---|---|
| 003 | BD-DhUL | ||
| 005 | 20190808141450.0 | ||
| 008 | 190808s1932 ii ||||| |||| 00| 0 urd d | ||
| 040 |
_aBD-DhUL _cBD-DhUL |
||
| 082 |
_a954 _bCOH |
||
| 100 | 1 | _aکارنوالس، ایم | |
| 245 | 1 | 0 |
_aہند کی حکمراں / _cایم کارنوالس _b |
| 260 |
_aحیدراباد دکن : _bادارالطبع جامعہ عثمانیہ، _c۔۱۹۳۲ |
||
| 300 |
_aص۔ ۱۵۶ ؛ _c۲۵ سم۔ |
||
| 650 | 4 | _aIndia - History | |
| 700 | 3 | _aمحمد عبد الستار | |
| 942 |
_2ddc _cBK |
||
| 999 |
_c249305 _d249305 |
||